000 00853nab a2200253 u 4500
001 12082
003 HDC
007 cr bn ---aaaaa
008 210208c20120921my dr|nes 0 a may d
040 _aHDC
245 0 _aIBFIM perkukuh kewangan Islam di China, Hong Kong
260 _aKuala Lumpur :
_bThe New Straits Times Press (M) Bhd.,
_c2012
336 _atext
_2rdacontent
337 _acomputer
_2rdamedia
338 _aonline resource
_2rdacarrier
650 _aBanking sector
_96420
650 _aEconomic growth
_94226
650 _aIslamic finance services
_zMalaysia
_912467
710 _aBerita Harian
856 _zRequest full-text at [email protected]
942 _2lcc
942 _cNEWS
942 _kNWSC 000191
999 _c9405
_d9405